[Event "World Blitz Women 2022"]
[Site "Almaty KAZ"]
[Date "2022.12.29"]
[Round "6.7"]
[White "Arabidze, Meri"]
[Black "Injac, Teodora"]
[Result "1/2-1/2"]
[WhiteTitle "IM"]
[BlackTitle "WGM"]
[WhiteElo "2427"]
[BlackElo "2365"]
[WhiteFideId "13604040"]
[BlackFideId "932400"]
[EventDate "2022.12.29"]

1. d4 Nf6 2. c4 g6 3. g3 Bg7 4. Bg2 O-O 5. Nc3 d6 6. Nf3 Nc6 7. O-O Bf5 8. Ne1
Bd7 9. Nc2 a5 10. e4 e5 11. d5 Nb4 12. Ne1 h5 13. Bg5 Qe8 14. a3 Na6 15. Nd3 a4
16. Rc1 b6 17. h3 Nc5 18. Be3 Nb3 19. Rc2 Nd4 20. Bxd4 exd4 21. Nb5 Qc8 22. Nxd4
Nxe4 23. Nc6 Re8 24. h4 Nc5 25. Nf4 Bg4 26. Bf3 Bf5 27. Re2 Rxe2 28. Qxe2 Qd7
29. Re1 Kf8 30. Bg2 Re8 31. Qd1 Rxe1+ 32. Qxe1 Bxb2 33. Qe3 Bg7 34. Qd2 Qe8 35.
Kh2 Ne4 36. Qe1 Nf6 37. Qc1 Ng4+ 38. Kg1 Bd7 39. Nd3 Bxc6 40. dxc6 Qe2 41. Qf1
Qxf1+ 42. Kxf1 Ne5 43. Nb2 Nxc6 44. Nxa4 Na5 45. Bd5 Ke7 46. Ke2 Bd4 47. f3 c6
48. Be4 f5 49. Bd3 Ke6 50. Kd2 d5 51. cxd5+ Kxd5 52. Kc2 b5 53. Nc3+ Bxc3 54.
Kxc3 Nb7 55. g4 fxg4 56. fxg4 hxg4 57. Bxg6 Nd6 58. Bh5 Nf5 59. Bxg4 Nxh4 60.
Kb4 Ng6 61. Bf3+ Kd6 62. Bxc6 Kxc6 63. a4 bxa4 64. Kxa4 1/2-1/2

[Event "World Blitz Women 2022"]
[Site "Almaty KAZ"]
[Date "2022.12.29"]
[Round "6.8"]
[White "Atalik, Ekaterina"]
[Black "Assaubayeva, Bibisara"]
[Result "0-1"]
[WhiteTitle "IM"]
[BlackTitle "IM"]
[WhiteElo "2403"]
[BlackElo "2440"]
[WhiteFideId "4130189"]
[BlackFideId "13708694"]
[EventDate "2022.12.29"]

1. c4 Nf6 2. Nf3 g6 3. g3 Bg7 4. Bg2 O-O 5. O-O Nc6 6. Nc3 e5 7. d3 d6 8. Rb1 a5
9. a3 h6 10. b4 axb4 11. axb4 Be6 12. b5 Ne7 13. e4 c6 14. h3 Nd7 15. Be3 f5 16.
exf5 gxf5 17. Qd2 f4 18. gxf4 exf4 19. Bd4 Ne5 20. Bxe5 dxe5 21. Ne4 Ra3 22.
Rfd1 Ng6 23. Kh2 Kh8 24. bxc6 bxc6 25. Rb7 Bf5 26. c5 Nh4 27. Nxh4 Qxh4 28. Qb2
f3 29. Bf1 Bxe4 30. dxe4 Raa8 31. Rdd7 Rg8 32. Qd2 Rad8 33. Kh1 Rxd7 34. Rxd7
Qxe4 35. Bd3 Qh4 36. Bf5 e4 37. Qe3 Rf8 38. Bxe4 Qxh3+ 0-1

[Event "World Blitz Women 2022"]
[Site "Almaty KAZ"]
[Date "2022.12.29"]
[Round "6.9"]
[White "Buksa, Nataliya"]
[Black "Mammadzada, Gunay"]
[Result "1-0"]
[WhiteTitle "IM"]
[BlackTitle "IM"]
[WhiteElo "2405"]
[BlackElo "2472"]
[WhiteFideId "14123622"]
[BlackFideId "13403729"]
[EventDate "2022.12.29"]

1. d4 d5 2. Nc3 Nf6 3. Bf4 c6 4. e3 Bf5 5. Nf3 e6 6. Ne5 Nbd7 7. g4 Nxe5 8. gxf5
Ned7 9. fxe6 fxe6 10. a3 Qe7 11. Qd2 g6 12. O-O-O Bg7 13. Bd3 e5 14. dxe5 Nxe5
15. Bxe5 Qxe5 16. f4 Qe7 17. e4 O-O-O 18. e5 Nh5 19. Be2 Rhf8 20. Bxh5 gxh5 21.
Rhf1 Bh6 22. Kb1 Rf5 23. Qd4 Kb8 24. Ne2 Rdf8 25. c4 dxc4 26. Qxc4 Qf7 27. Qb4
Qc7 28. Qd4 h4 29. Rf3 a6 30. Rdf1 Bg7 31. Qe4 R5f7 32. Nd4 Re8 33. Nf5 Bf8 34.
Nxh4 Qb6 35. e6 Rfe7 36. f5 Bg7 37. f6 Rxe6 38. Qxe6 Rxe6 39. fxg7 Re2 40. g8=Q+ 1-0

[Event "World Blitz Women 2022"]
[Site "Almaty KAZ"]
[Date "2022.12.29"]
[Round "6.10"]
[White "Javakhishvili, Lela"]
[Black "Nomin-Erdene, Davaademberel"]
[Result "1-0"]
[WhiteTitle "IM"]
[BlackTitle "IM"]
[WhiteElo "2440"]
[BlackElo "2384"]
[WhiteFideId "13601458"]
[BlackFideId "4900782"]
[EventDate "2022.12.29"]

1. d4 f5 2. Bg5 g6 3. h4 h6 4. Bf4 Bg7 5. e3 Nf6 6. c4 d6 7. Nc3 e6 8. f3 Qe7 9.
Bg3 Nc6 10. Nh3 e5 11. d5 Nd8 12. Bf2 Bd7 13. Be2 Nf7 14. g4 fxg4 15. fxg4 h5
16. gxh5 gxh5 17. Qc2 Ng4 18. O-O-O O-O-O 19. Bd3 Nxf2 20. Nxf2 Bf6 21. Bf5 Bxh4
22. Bxd7+ Rxd7 23. Nfe4 Nh6 24. Qa4 a6 25. b4 Bg5 26. b5 Bxe3+ 27. Kb1 Kb8 28.
bxa6 1-0

[Event "World Blitz Women 2022"]
[Site "Almaty KAZ"]
[Date "2022.12.29"]
[Round "6.11"]
[White "Pourkashiyan, Atousa"]
[Black "Badelka, Olga"]
[Result "0-1"]
[WhiteTitle "WGM"]
[BlackTitle "IM"]
[WhiteElo "2321"]
[BlackElo "2416"]
[WhiteFideId "12502014"]
[BlackFideId "13509926"]
[EventDate "2022.12.29"]

1. e4 e5 2. Nf3 Nc6 3. Bb5 Nf6 4. d3 d6 5. O-O Be7 6. c3 O-O 7. Re1 a6 8. Ba4 b5
9. Bc2 Rb8 10. Nbd2 Re8 11. Nf1 Bf8 12. Ng3 h6 13. h3 d5 14. Qe2 d4 15. Bb3 Be6
16. Bxe6 Rxe6 17. Nf5 dxc3 18. bxc3 Ne7 19. N3h4 Nxf5 20. Nxf5 c5 21. Qf3 Kh7
22. d4 cxd4 23. cxd4 exd4 24. e5 Qd5 25. Qxd5 Nxd5 26. Nxd4 Ree8 27. Bb2 Bc5 28.
Rac1 Bxd4 29. Bxd4 Nf4 30. Rc7 Ne6 31. Rd7 Red8 32. Rxd8 Rxd8 33. Be3 g5 34. Rc1
Rd3 35. g3 Ra3 36. Rc2 Kg6 37. Kf1 Kf5 38. Bc1 Ra4 39. Re2 Re4 40. Bb2 Rxe2 41.
Kxe2 h5 42. f3 h4 43. gxh4 gxh4 44. Ke3 Nf4 45. Bd4 Nxh3 46. Ke2 Nf4+ 47. Kf1
Nd3 48. Kg2 Nxe5 49. Bf2 Ng6 50. Be3 a5 51. Kh3 b4 52. Bb6 a4 53. Bc5 b3 54.
axb3 axb3 55. Bd4 Kf4 56. Bb2 Kxf3 57. Kh2 Ke2 58. Kg2 Kd2 0-1

[Event "World Blitz Women 2022"]
[Site "Almaty KAZ"]
[Date "2022.12.29"]
[Round "6.12"]
[White "Munkhzul, Turmunkh"]
[Black "Osmak, Yuliia"]
[Result "1/2-1/2"]
[WhiteTitle "WIM"]
[BlackTitle "IM"]
[WhiteElo "2318"]
[BlackElo "2451"]
[WhiteFideId "4901878"]
[BlackFideId "14101602"]
[EventDate "2022.12.29"]

1. e4 Nc6 2. Nf3 d6 3. d4 Bg4 4. Be2 Nf6 5. Nc3 e5 6. Be3 Be7 7. O-O Bxf3 8.
Bxf3 exd4 9. Bxd4 Nxd4 10. Qxd4 c6 11. Rad1 Qb6 12. Qxb6 axb6 13. a3 O-O 14.
Rfe1 Nd7 15. Be2 Rfd8 16. Bf1 Nc5 17. f4 Bf6 18. e5 dxe5 19. fxe5 Rxd1 20. Nxd1
Bg5 21. Bc4 b5 22. Ba2 Rd8 23. Nc3 Rd2 24. Rf1 Be3+ 25. Kh1 Ne6 26. Bb3 Bd4 27.
Ne4 Re2 28. Nd6 c5 29. Nxb5 Bxe5 30. a4 h5 31. g3 h4 32. Nc3 Bxc3 33. bxc3 hxg3
34. hxg3 Re3 35. Kg2 Rxc3 36. Bxe6 Rxc2+ 37. Kf3 fxe6 38. Rb1 Rc3+ 39. Kf2 Ra3
40. Rxb7 Rxa4 41. Re7 Re4 42. Rc7 Re5 43. Kf3 Kh7 44. Kf4 Rf5+ 45. Ke4 Kg6 46.
g4 Rg5 47. Kf4 Kf6 48. Rc8 Rd5 49. Rf8+ Ke7 50. Rg8 Kf7 51. Rc8 Rd4+ 52. Kg5
Rd5+ 53. Kf4 g5+ 54. Ke4 Ke7 55. Ra8 Kf6 56. Rf8+ Ke7 57. Ra8 Kd6 58. Ra6+ Kd7
59. Ra7+ Kd6 60. Ra6+ Ke7 61. Ra8 Kf7 62. Ra7+ Kf6 63. Ra8 Rd4+ 64. Kf3 Rf4+ 65.
Kg3 c4 66. Rf8+ Ke5 67. Rg8 Kf6 68. Rf8+ Ke7 69. Rg8 Kf6 70. Rf8+ Kg6 71. Rg8+
Kf6 72. Rf8+ Kg6 73. Rg8+ Kh6 74. Re8 Re4 75. Kf3 Re1 76. Rc8 Rf1+ 77. Kg3 Rc1
78. Rc6 Rc3+ 79. Kg2 Re3 80. Rxc4 Kg6 81. Rc5 Kf6 82. Kf2 Re5 83. Rc8 Re4 84.
Kf3 Rf4+ 85. Kg3 Ra4 86. Rc5 Rd4 87. Rc8 Rd3+ 88. Kf2 Ke5 89. Rf8 Ke4 90. Kg2
Rd5 91. Kf2 e5 92. Rf5 Rd2+ 93. Ke1 Rg2 94. Rxg5 Kf4 95. Rf5+ Ke4 96. Rg5 Kd4
97. Rg8 Ke3 98. Kf1 Rg3 99. Ra8 Rxg4 100. Ra3+ Kf4 101. Kf2 Rg8 102. Ra4+ e4
103. Ra3 Rb8 104. Ke2 Rb2+ 105. Ke1 Rc2 106. Rb3 Rh2 107. Ra3 Rh1+ 108. Ke2 Rh2+
109. Ke1 Ke5 110. Ra5+ Kd4 111. Ra4+ Ke3 112. Ra3+ Kf4 113. Rb3 Rg2 114. Ra3 Rc2
115. Rb3 Ke5 116. Ra3 Kd4 117. Ra4+ Kd3 118. Ra3+ Rc3 119. Rxc3+ Kxc3 120. Ke2
Kd4 121. Kd2 e3+ 122. Ke2 Ke4 123. Ke1 Kd3 124. Kd1 Kd4 125. Ke2 Ke4 126. Ke1
Kf3 127. Kf1 e2+ 128. Ke1 Ke3 1/2-1/2

[Event "World Blitz Women 2022"]
[Site "Almaty KAZ"]
[Date "2022.12.29"]
[Round "6.13"]
[White "Nakhbayeva, Guliskhan"]
[Black "Kosteniuk, Alexandra"]
[Result "0-1"]
[WhiteTitle "IM"]
[BlackTitle "GM"]
[WhiteElo "2326"]
[BlackElo "2520"]
[WhiteFideId "13704788"]
[BlackFideId "4128125"]
[EventDate "2022.12.29"]

1. d4 f5 2. c4 Nf6 3. Nc3 g6 4. Qc2 Bg7 5. e3 c5 6. Bd3 cxd4 7. exd4 Nc6 8. Nf3
Nb4 9. Qd1 Nxd3+ 10. Qxd3 O-O 11. O-O d6 12. Re1 Bd7 13. d5 Ng4 14. Bf4 h6 15.
h4 Rf7 16. Qd2 Qb6 17. Re2 Rc8 18. b3 Qa5 19. Rc1 a6 20. Nd4 Kh7 21. Rce1 Bf6
22. Qd3 b5 23. h5 bxc4 24. bxc4 gxh5 25. Bd2 Ne5 26. Qb1 Nxc4 27. Nxf5 Nxd2 28.
Rxd2 Qxc3 29. Nxe7+ Kh8 30. Rd3 Qxe1+ 31. Qxe1 Rxe7 32. Qd2 Bg5 33. f4 Bf6 34.
Qd1 Bg4 35. Qa4 Rg8 36. Kh2 h4 37. Qxa6 Be2 38. Qxd6 Reg7 39. Qxf6 Bxd3 40.
Qxh6+ Bh7 41. Qf6 Rc8 42. d6 Rc2 43. d7 Rxg2+ 44. Kh3 Rg3+ 45. Kxh4 Rg4+ 46. Kh5
Rg1 47. d8=Q+ Bg8 48. Kh6 0-1

[Event "World Blitz Women 2022"]
[Site "Almaty KAZ"]
[Date "2022.12.29"]
[Round "6.14"]
[White "Lhotska, Anna"]
[Black "Batsiashvili, Nino"]
[Result "0-1"]
[WhiteTitle "WFM"]
[BlackTitle "GM"]
[WhiteElo "2159"]
[BlackElo "2493"]
[WhiteFideId "376183"]
[BlackFideId "13602993"]
[EventDate "2022.12.29"]

1. e4 e5 2. Nf3 Nc6 3. Bb5 Nge7 4. c3 d5 5. Nxe5 dxe4 6. O-O Qd5 7. Nxc6 Qxb5 8.
Nd4 Qd5 9. Re1 Bd7 10. Qb3 f5 11. Qxd5 Nxd5 12. d3 O-O-O 13. dxe4 fxe4 14. Rxe4
c5 15. Nf3 Bc6 16. Re1 Bd6 17. Bg5 Rde8 18. Nbd2 h6 19. Bh4 Nf4 20. Bg3 g5 21.
Nc4 Bc7 22. Nfe5 Nxg2 23. f3 Nxe1 24. Rxe1 Bd5 25. Rd1 Bxc4 26. Nxc4 Bxg3 27.
hxg3 Kc7 28. Kf2 h5 29. Rh1 h4 30. Kg2 b5 31. Na3 Re2+ 0-1

[Event "World Blitz Women 2022"]
[Site "Almaty KAZ"]
[Date "2022.12.29"]
[Round "6.15"]
[White "Fataliyeva, Ulviyya"]
[Black "Garifullina, Leya"]
[Result "1-0"]
[WhiteTitle "IM"]
[BlackTitle "IM"]
[WhiteElo "2428"]
[BlackElo "2357"]
[WhiteFideId "13403052"]
[BlackFideId "34127035"]
[EventDate "2022.12.29"]

1. d4 Nf6 2. Nc3 d5 3. Bf4 c5 4. e3 cxd4 5. exd4 a6 6. Nf3 Nc6 7. Ne5 Bd7 8.
Nxc6 Bxc6 9. Bd3 e6 10. O-O Bd6 11. Bxd6 Qxd6 12. Re1 h5 13. h3 O-O-O 14. Rb1 g5
15. b4 g4 16. h4 g3 17. f3 Qf4 18. Ne2 Qxh4 19. b5 axb5 20. Bxb5 Bxb5 21. Rxb5
Qg5 22. Qd3 Rd7 23. Reb1 h4 24. Rxb7 Rxb7 25. Qa6 Qe3+ 26. Kh1 h3 27. Qa8+ Kd7
28. Rxb7+ 1-0

[Event "World Blitz Women 2022"]
[Site "Almaty KAZ"]
[Date "2022.12.29"]
[Round "6.16"]
[White "Lu, Miaoyi"]
[Black "Bivol, Alina"]
[Result "0-1"]
[BlackTitle "IM"]
[WhiteElo "2399"]
[BlackElo "2364"]
[WhiteFideId "8618020"]
[BlackFideId "4100123"]
[EventDate "2022.12.29"]

1. e4 e6 2. d4 d5 3. Nc3 Bb4 4. Qg4 Nf6 5. Qxg7 Rg8 6. Qh6 Rg6 7. Qe3 Nxe4 8.
Bd3 c5 9. Bxe4 dxe4 10. dxc5 Nc6 11. Bd2 Qd4 12. Nb5 Qxe3+ 13. fxe3 Ke7 14. Bxb4
Nxb4 15. O-O-O Rxg2 16. Rd2 Nxa2+ 17. Kd1 Rxd2+ 18. Kxd2 Nb4 19. Kc3 Nd5+ 20.
Kd4 Bd7 21. c4 Nf6 22. Nd6 b6 23. b4 a5 24. bxa5 bxc5+ 25. Kxc5 Rxa5+ 26. Kb6
Ra2 27. c5 Nd5+ 28. Kb7 Rb2+ 29. Ka7 Nb4 30. Nb7 Nc6+ 31. Ka6 Ra2+ 32. Kb6 Ra1
33. Kc7 f5 34. Nd6 Ne5 35. Nc8+ Bxc8 36. Kxc8 Rc1 37. Kb7 Rxc5 38. Ne2 Rb5+ 39.
Ka6 Rb3 40. Nd4 Rxe3 41. Rg1 Kf7 42. Rc1 Rd3 43. Rc7+ Kf6 44. Ne2 e3 45. Rxh7
Rd2 46. Nf4 e2 47. Nxe2 Rxe2 48. h4 f4 49. h5 Rh2 0-1

[Event "World Blitz Women 2022"]
[Site "Almaty KAZ"]
[Date "2022.12.29"]
[Round "6.17"]
[White "Nurgali, Nazerke"]
[Black "Gaponenko, Inna"]
[Result "1/2-1/2"]
[WhiteTitle "WIM"]
[BlackTitle "IM"]
[WhiteElo "2168"]
[BlackElo "2341"]
[WhiteFideId "13711261"]
[BlackFideId "14101181"]
[EventDate "2022.12.29"]

1. d4 d6 2. c4 e5 3. dxe5 dxe5 4. Qxd8+ Kxd8 5. Nc3 Be6 6. e4 c6 7. Nf3 Nd7 8.
Be3 f6 9. O-O-O Kc7 10. Nd2 Bc5 11. Bxc5 Nxc5 12. Nb3 Nxb3+ 13. axb3 Ne7 14. Be2
Rhd8 15. Na4 b6 16. Nc3 Rxd1+ 17. Rxd1 Rd8 18. Rxd8 Kxd8 19. b4 Kc7 20. b5 Nc8
21. bxc6 Kxc6 22. b4 Nd6 23. Nb5 Nxb5 24. cxb5+ Kd6 25. Kd2 f5 26. f3 f4 27. Kc3
g5 28. h3 h5 29. Bf1 g4 30. h4 g3 31. Be2 Bd7 32. Bf1 Be8 33. Be2 Bd7 34. Bf1 1/2-1/2

[Event "World Blitz Women 2022"]
[Site "Almaty KAZ"]
[Date "2022.12.29"]
[Round "6.18"]
[White "Enkhtuul, Altan-Ulzii"]
[Black "Kamalidenova, Meruert"]
[Result "0-1"]
[WhiteTitle "WGM"]
[BlackTitle "WIM"]
[WhiteElo "2285"]
[BlackElo "2377"]
[WhiteFideId "4901444"]
[BlackFideId "13712802"]
[EventDate "2022.12.29"]

1. d4 Nf6 2. Bf4 g6 3. Nc3 Bg7 4. e4 d6 5. Qd2 a6 6. a4 O-O 7. f3 c5 8. dxc5
dxc5 9. Bd3 Nc6 10. Bh6 Be6 11. Bxg7 Kxg7 12. Rd1 Qb6 13. b3 Rfd8 14. Nge2 Nb4
15. Qe3 Rxd3 16. Qc1 Rxd1+ 17. Nxd1 Rd8 18. Ne3 c4 19. bxc4 Qxe3 20. Qxe3 Nxc2+
21. Kf2 Nxe3 22. Kxe3 Bxc4 23. Ng3 Rd3+ 24. Kf2 Ra3 25. Rb1 b5 26. axb5 axb5 27.
e5 Nd5 28. Ne4 b4 29. Rc1 Nc3 30. Nd2 Be6 31. g3 Ra2 32. Ke1 Nb5 33. Rb1 Nd4 34.
Kd1 b3 0-1

[Event "World Blitz Women 2022"]
[Site "Almaty KAZ"]
[Date "2022.12.29"]
[Round "6.19"]
[White "Muminova, Nafisa"]
[Black "Ovod, Evgenija"]
[Result "0-1"]
[WhiteTitle "WGM"]
[BlackTitle "IM"]
[WhiteElo "2274"]
[BlackElo "2323"]
[WhiteFideId "14201526"]
[BlackFideId "4131827"]
[EventDate "2022.12.29"]

1. e4 e5 2. Nf3 Nc6 3. d4 exd4 4. Nxd4 Bb4+ 5. c3 Bc5 6. Nb3 Bb6 7. Qe2 d6 8.
Be3 Nf6 9. N1d2 O-O 10. O-O-O Re8 11. f3 d5 12. Bg5 Qe7 13. Qd3 Ne5 14. Qc2 h6
15. Bxf6 Qxf6 16. exd5 Bf5 17. Ne4 Qg6 18. Nd4 Bxe4 19. fxe4 Ng4 20. Re1 Bxd4
21. cxd4 c6 22. dxc6 Rac8 23. c7 Re7 24. Kb1 Rcxc7 25. Qd3 Nf2 26. Qf3 0-1

[Event "World Blitz Women 2022"]
[Site "Almaty KAZ"]
[Date "2022.12.29"]
[Round "6.20"]
[White "Omonova, Umida"]
[Black "Gvetadze, Sofio"]
[Result "1-0"]
[WhiteTitle "WFM"]
[BlackTitle "IM"]
[WhiteElo "2052"]
[BlackElo "2298"]
[WhiteFideId "14210363"]
[BlackFideId "13601440"]
[EventDate "2022.12.29"]

1. e4 g6 2. d4 Bg7 3. Nc3 c6 4. Nf3 d5 5. Be2 Bg4 6. Be3 dxe4 7. Nxe4 Nf6 8.
Nxf6+ Bxf6 9. h3 Bf5 10. O-O O-O 11. Re1 Nd7 12. c3 Nb6 13. Bf1 Re8 14. Qb3 Be6
15. c4 Qc7 16. a4 Rad8 17. a5 Nc8 18. Rad1 Qxa5 19. Qxb7 Nb6 20. Qxc6 Rc8 21.
Qb5 Qxb5 22. cxb5 Bd5 23. Ne5 Rc2 24. Ra1 Rc7 25. Nd3 Nc4 26. Bf4 Rb7 27. Nc5
Rxb5 28. b3 Rxc5 29. dxc5 Nb2 30. Be5 Rc8 31. Bxf6 exf6 32. Rab1 Bxb3 33. Rxb2
Be6 34. Rc1 a5 35. c6 a4 36. c7 a3 37. Rb8 a2 38. Rxc8+ Bxc8 39. Ra1 1-0

[Event "World Blitz Women 2022"]
[Site "Almaty KAZ"]
[Date "2022.12.29"]
[Round "6.21"]
[White "Eric, Jovana"]
[Black "Balabayeva, Xeniya"]
[Result "1-0"]
[WhiteTitle "WGM"]
[BlackTitle "WIM"]
[WhiteElo "2236"]
[BlackElo "2183"]
[WhiteFideId "938238"]
[BlackFideId "13719688"]
[EventDate "2022.12.29"]

1. e4 c6 2. d4 d5 3. exd5 cxd5 4. Bd3 Nc6 5. c3 Nf6 6. h3 g6 7. Nf3 Bf5 8. Be2
Bg7 9. O-O O-O 10. Be3 Qc7 11. Nbd2 Rfe8 12. Re1 Rad8 13. a4 Ne4 14. Nh4 Bc8 15.
Nhf3 b6 16. Rc1 Nd6 1-0

[Event "World Blitz Women 2022"]
[Site "Almaty KAZ"]
[Date "2022.12.29"]
[Round "6.22"]
[White "Khademalsharieh, Sarasadat"]
[Black "Paramzina, Anastasya"]
[Result "1-0"]
[WhiteTitle "IM"]
[BlackTitle "WGM"]
[WhiteElo "2490"]
[BlackElo "2227"]
[WhiteFideId "12512214"]
[BlackFideId "4165012"]
[EventDate "2022.12.29"]

1. d4 Nf6 2. c4 g6 3. Nf3 Bg7 4. g3 c6 5. Bg2 d5 6. Qa4 dxc4 7. Qxc4 O-O 8. O-O
Bf5 9. Nc3 Nbd7 10. e3 Ne4 11. Nh4 Be6 12. Qb4 Nxc3 13. bxc3 Nb6 14. a4 a5 15.
Qb1 Bc4 16. Re1 Ba6 17. Nf3 Nc4 18. Nd2 Nxd2 19. Bxd2 e5 20. Qb2 exd4 21. cxd4
Qc7 22. Rac1 Rfe8 23. Rc5 Bd3 24. Qc3 Be4 25. f3 Bf5 26. e4 Bd7 27. Bf4 Qd8 28.
Qb2 Bh3 29. Be3 Bxg2 30. Kxg2 Qd7 31. Rb1 Rab8 32. Rxa5 b6 33. Ra6 c5 34. e5
cxd4 35. Qxd4 Qe6 36. Raxb6 Rxb6 37. Rxb6 Qa2+ 38. Rb2 Qa3 39. f4 Bf8 40. Bf2
Rc8 41. Rb7 Bc5 42. Qd5 1-0

[Event "World Blitz Women 2022"]
[Site "Almaty KAZ"]
[Date "2022.12.29"]
[Round "6.23"]
[White "Tokhirjonova, Gulrukhbegim"]
[Black "Abdumalik, Zhansaya"]
[Result "1-0"]
[WhiteTitle "WGM"]
[BlackTitle "GM"]
[WhiteElo "2328"]
[BlackElo "2496"]
[WhiteFideId "14203626"]
[BlackFideId "13703544"]
[EventDate "2022.12.29"]

1. e4 c5 2. Nc3 Nc6 3. Nf3 Nf6 4. Bc4 d6 5. d4 cxd4 6. Nxd4 e6 7. O-O Be7 8. Be3
a6 9. a4 Qc7 10. Be2 O-O 11. f4 Na5 12. Kh1 Nc4 13. Bxc4 Qxc4 14. a5 Bd7 15. e5
dxe5 16. fxe5 Nd5 17. Nxd5 Qxd5 18. Nf5 Rfe8 19. Nxg7 Kxg7 20. Qg4+ Kh8 21. Rad1
Qc6 22. Rxf7 Rg8 23. Rxh7+ Kxh7 24. Qh5+ Kg7 25. Bh6+ Kh7 26. Bf8# 1-0

[Event "World Blitz Women 2022"]
[Site "Almaty KAZ"]
[Date "2022.12.29"]
[Round "6.24"]
[White "Gaboyan, Susanna"]
[Black "Zatonskih, Anna"]
[Result "1-0"]
[WhiteTitle "WIM"]
[BlackTitle "IM"]
[WhiteElo "2200"]
[BlackElo "2349"]
[WhiteFideId "13303627"]
[BlackFideId "14101572"]
[EventDate "2022.12.29"]

1. Nf3 d5 2. g3 Nd7 3. d4 Nb6 4. Bg2 Bf5 5. b3 c6 6. Nbd2 Nf6 7. c4 h6 8. Bb2 e6
9. O-O Be7 10. c5 Nbd7 11. b4 O-O 12. Qb3 Re8 13. a4 b6 14. cxb6 axb6 15. Rfc1
Qc7 16. Ne5 Nxe5 17. dxe5 Nd7 18. e4 dxe4 19. Qc3 Rac8 20. Nxe4 c5 21. a5 bxa5
22. bxa5 Rb8 23. Nd6 Rf8 24. Nxf5 exf5 25. e6 Bf6 26. Qd3 Bxb2 27. exd7 Bxc1 28.
Rxc1 Rfd8 29. Qxf5 Rxd7 30. h4 Rbd8 31. Rxc5 Qa7 32. Rb5 Rd1+ 33. Kh2 R1d2 34.
Rb6 Qe7 35. Rb7 Qe6 36. Qxe6 fxe6 37. a6 Rxf2 38. a7 Rff8 39. Re7 Ra8 40. Bxa8
Rxa8 41. Kg2 Kf8 42. Rb7 Kg8 43. Rb8+ 1-0

[Event "World Blitz Women 2022"]
[Site "Almaty KAZ"]
[Date "2022.12.29"]
[Round "6.25"]
[White "Yao, Lan"]
[Black "Frayna, Janelle Mae"]
[Result "0-1"]
[WhiteTitle "WIM"]
[BlackTitle "WGM"]
[WhiteElo "2271"]
[BlackElo "2265"]
[WhiteFideId "8610835"]
[BlackFideId "5212499"]
[EventDate "2022.12.29"]

1. e4 c6 2. d4 d5 3. Nd2 dxe4 4. Nxe4 Bf5 5. Ng3 Bg6 6. h4 h6 7. Nf3 Nd7 8. h5
Bh7 9. Bd3 Bxd3 10. Qxd3 e6 11. Bd2 Ngf6 12. O-O-O Be7 13. Kb1 O-O 14. Ne4 Nxe4
15. Qxe4 Nf6 16. Qe2 Qd5 17. Be3 Rfd8 18. Ne5 c5 19. g4 cxd4 20. Bxd4 Qe4 21.
Qxe4 Nxe4 22. f3 Nd6 23. Bc5 Kf8 24. Rd3 Nb5 25. Bxe7+ Kxe7 26. Rhd1 Rxd3 27.
Rxd3 Nd6 28. c4 Rc8 29. b3 f6 30. Ng6+ Kd7 31. Kb2 e5 32. a4 Ke6 33. Kc3 a5 34.
Rd5 b6 35. Kd3 Nb7 36. Rb5 Nc5+ 37. Kc3 Rc6 38. b4 axb4+ 39. Kxb4 Na6+ 40. Kc3
Nc5 41. a5 bxa5 42. Rxa5 Nd7 43. Ra7 Kd6 44. Ra8 Rxc4+ 45. Kxc4 Nb6+ 46. Kd3
Nxa8 47. Nh4 Ke6 48. Nf5 Kf7 49. Nd6+ Ke7 50. Nf5+ Kf7 51. Nd6+ Kf8 52. Ke4 Nc7
53. Kf5 Nd5 54. Kg6 Nf4+ 55. Kf5 Ne2 56. Ne4 Nd4+ 57. Kg6 Nxf3 58. Nd6 Nh4+ 59.
Kh7 Nf3 60. Kg6 Nh2 61. Kf5 Nf3 62. Kg6 Ng5 63. Nf5 Ne6 64. Nd6 Nf4+ 65. Kf5 Ke7
66. Ne4 Nd5 67. Nc5 Kf7 68. Ne4 Ne3# 0-1

[Event "World Blitz Women 2022"]
[Site "Almaty KAZ"]
[Date "2022.12.29"]
[Round "6.26"]
[White "Mammadova, Gulnar"]
[Black "Kovanova, Baira"]
[Result "1/2-1/2"]
[WhiteTitle "IM"]
[BlackTitle "WGM"]
[WhiteElo "2376"]
[BlackElo "2317"]
[WhiteFideId "13403508"]
[BlackFideId "4164083"]
[EventDate "2022.12.29"]

1. e4 e5 2. Nf3 Nc6 3. Bb5 a6 4. Ba4 Nf6 5. Nc3 Bc5 6. O-O b5 7. Bb3 O-O 8. Nd5
d6 9. c3 h6 10. d4 Ba7 11. h3 Bb7 12. Re1 Re8 13. dxe5 Nxe5 14. Nxe5 Rxe5 15.
Bf4 Rxe4 16. Rxe4 Nxe4 17. Be3 Bxe3 18. Nxe3 Qg5 19. Qf3 Rf8 20. Qg4 Qxg4 21.
hxg4 Nc5 22. Bc2 Re8 23. a4 bxa4 24. Bxa4 Nxa4 25. Rxa4 Re4 26. Ra3 Bc8 27. Rb3
Bxg4 28. Rb8+ Kh7 29. Rb7 Be6 30. Rxc7 Ra4 31. Rc6 d5 32. Rb6 d4 33. cxd4 Rxd4
34. Rxa6 Rb4 35. Nd1 Bg4 36. f3 Bf5 37. Rd6 Bc2 38. Kh2 Bxd1 39. Rxd1 Rxb2 40.
Rd7 Kg6 41. Rd6+ f6 42. Kg3 h5 43. Ra6 Kg5 44. Ra5+ Kh6 45. Ra6 Kg6 46. Ra5 Kh6
47. Ra6 Rc2 48. Rb6 Kg6 49. Ra6 Re2 50. Rb6 Kf5 51. Rb5+ Re5 52. Rb7 g5 53. Rb6
h4+ 54. Kf2 Rc5 55. Rb2 Rc4 56. Ra2 Kf4 57. Rb2 f5 58. Ra2 g4 59. fxg4 fxg4 60.
Rb2 g3+ 61. Ke2 Rc1 62. Rb4+ Kg5 63. Rb5+ Kg4 1/2-1/2

[Event "World Blitz Women 2022"]
[Site "Almaty KAZ"]
[Date "2022.12.29"]
[Round "6.27"]
[White "Mkrtchyan, Mariam"]
[Black "Gong, Qianyun"]
[Result "0-1"]
[WhiteTitle "WIM"]
[BlackTitle "WGM"]
[WhiteElo "2364"]
[BlackElo "2299"]
[WhiteFideId "13310828"]
[BlackFideId "8602425"]
[EventDate "2022.12.29"]

1. d4 e6 2. c4 f5 3. g3 Nf6 4. Bg2 d5 5. Nf3 c6 6. Nbd2 Bd6 7. O-O O-O 8. b3
Nbd7 9. a4 Qe7 10. Bb2 Ne4 11. e3 Ndf6 12. Ne5 Bd7 13. f3 Nxd2 14. Qxd2 Be8 15.
a5 Bxe5 16. dxe5 Nd7 17. e4 dxc4 18. bxc4 Bg6 19. exf5 Bxf5 20. f4 Rfd8 21. Ba3
Qf7 22. Qb2 Nf8 23. Bd6 Ng6 24. a6 bxa6 25. Rxa6 Bd3 26. Rc1 Qf5 27. Qd4 c5 28.
Qe3 h5 29. Ra3 Bc2 30. Ra2 Bb1 31. Rb2 Bd3 32. Rc3 Bb1 33. Qe1 Bd3 34. Rd2 Bb1
35. Rc1 Bd3 36. Qe3 Bb1 37. h4 Rab8 38. Bxb8 Rxb8 39. Qxc5 Be4 40. Qxa7 Rb3 41.
Qf2 Bxg2 42. Kxg2 Qg4 43. Kh2 Nxh4 44. Rd8+ Kh7 45. Qc2+ g6 46. Rd7+ Kh6 47. Rg1
Nf3+ 48. Kg2 Nh4+ 49. Kh2 Re3 50. gxh4 Qh3# 0-1

[Event "World Blitz Women 2022"]
[Site "Almaty KAZ"]
[Date "2022.12.29"]
[Round "6.28"]
[White "Bayasgalan, Khishigbaatar"]
[Black "Beydullayeva, Govhar"]
[Result "0-1"]
[WhiteTitle "WCM"]
[BlackTitle "WGM"]
[WhiteElo "1811"]
[BlackElo "2387"]
[WhiteFideId "4904311"]
[BlackFideId "13413015"]
[EventDate "2022.12.29"]

1. d4 Nf6 2. Nc3 d5 3. Bg5 c5 4. Bxf6 gxf6 5. e4 dxe4 6. dxc5 Qa5 7. Bb5+ Bd7 8.
Qd4 Bxb5 9. b4 Nc6 10. Qxe4 Nxb4 11. Rb1 Nd5 12. Ne2 Nxc3 13. Qxb7 Nxb1+ 14. Kf1
Rd8 15. f3 Bxe2+ 16. Kf2 Qxc5+ 0-1